| 000 | 01159nam0a2200313 4500 | ||
|---|---|---|---|
| 001 | RU\NLR\bibl\581871 | ||
| 005 | 20250610135817.0 | ||
| 010 |
_a5-7608-0420-0 _94000 |
||
| 021 |
_aRU _b2004-64122 _93166 |
||
| 035 | _a(NLR Aleph) 000573868 | ||
| 090 |
_a1609678 _c1609678 |
||
| 100 | _a20041208d2003 |||y0rusy50 ca | ||
| 101 | 0 | _arus | |
| 102 | _aRU | ||
| 105 | _aa ||||||||| | ||
| 200 | 1 |
_aРодные просторы _eКн. для чтения _e1 кл. _fС.С. Ситимова, А.Б. Чуяко |
|
| 210 |
_aМайкоп _cАдыг. респ. кн. изд-во _d2003 |
||
| 215 |
_a94, [1] с. _cцв. ил. _d27 |
||
| 300 | _aНа обл. авт. не указаны | ||
| 606 | 0 |
_aРусский язык _jХрестоматии для национальной школы _91533567 _3RU\NLR\auth\66969347 |
|
| 686 | _aШ141.12-93адыг21[1]хрест | ||
| 700 | 1 |
_aСитимова _bС. С. _gСарра Саферовна _4070 |
|
| 701 | 1 |
_aЧуяко _bА. Б. _gАлий Базрукович _4070 |
|
| 801 | 0 |
_aRU _bNLR _c20041208 _gPSBO |
|
| 801 | 1 |
_aRU _bNLR _c20041208 |
|
| 942 | _cBOOK | ||
| 980 | _aNB | ||